[Event "Benasque op 40th"]
[Site "Benasque"]
[Date "2021.07.05"]
[Round "1"]
[White "Lopez Vicente, Pascual"]
[Black "Hapala, Elisabeth"]
[Result "0-1"]
[WhiteElo "1544"]
[BlackElo "2128"]
[PlyCount "104"]
[EventDate "2021.07.05"]
[EventType "swiss"]
[EventRounds "10"]
[EventCountry "ESP"]
[SourceTitle "EXT 2022"]
[Source "ChessBase"]
[SourceDate "2021.10.06"]
[SourceVersion "1"]
[SourceVersionDate "2021.10.06"]
[SourceQuality "1"]

1. e4 c5 2. Nc3 e6 3. Nf3 Nc6 4. d4 cxd4 5. Nxd4 Qc7 6. g3 a6 7. Bg2 h5 8. h3 h4 9. g4 Nge7 10. Nxc6 Nxc6 11. Qe2 Bd6 12. Be3 Be5 13. Qd2 Na5 14. Bd4 Nc4 15. Bxe5 Qxe5 16. Qc1 b5 17. 0-0 Bb7 18. Re1 Rc8 19. Nd1 0-0 20. b3 Na3 21. Ne3 b4 22. Qd2 Qb5 23. Rac1 Rc7 24. Qd6 Rfc8 25. c4 Qc5 26. Rcd1 Qxd6 27. Rxd6 Kf8 28. e5 a5 29. Red1 Ke7 30. Bxb7 Rxb7 31. Ra6 Rc5 32. f4 g5 33. fxg5 Rxe5 34. Re1 d6 35. Kf2 Rd7 36. Nf5+ exf5 37. gxf5 Rxe1 38. Kxe1 Nc2+ 39. Kd2 Nd4 40. f6+ Ke6 41. Kd3 Nf3 42. Rxa5 Ng1 43. Ke3 Nxh3 44. Kf3 Ng1+ 45. Kg2 Ne2 46. Kh3 Nc3 47. Kxh4 d5 48. cxd5+ Rxd5 49. Ra6+ Kf5 50. Kh5 Kf4 51. Kh6 Rxg5 52. Ra7 Rg6+ 0-1